| 000 | 00666nam a2200217Ia 4500 | ||
|---|---|---|---|
| 999 |
_c1633 _d1633 |
||
| 001 | 19114968 | ||
| 003 | OCoLC | ||
| 005 | 20180918172803.0 | ||
| 008 | 890208s1963 pau 000 0 eng d | ||
| 040 |
_aMOG _cMOG _dMAL |
||
| 082 |
_a232.3 _bM9811B |
||
| 092 |
_a232.3 _bM96b |
||
| 100 | 1 |
_aMurray, Andrew, _d1828-1917. |
|
| 245 | 1 | 4 |
_aThe blood of the cross / _cAndrew Murray. |
| 260 |
_aFort Washington, Pa. : _achennai _bChristian Literature Crusade, _bevangelical literature service _c[1963] _c2001 _g(1983 printing) |
||
| 300 |
_a96 p. ; _a195p.; _c18 cm. |
||
| 650 | 0 |
_aBlood _xBiblical teaching. |
|
| 650 | 0 | _aAtonement. | |
| 650 | 0 | _aRedemption. | |
| 942 |
_2ddc _cBK |
||